000 00760nam a2200229Ia 4500
003 GCL
008 140319s9999 xx 000 0 ara d
040 _aGCL /
_cGCL
082 0 4 _aق
_b953
_bس ك
100 1 _aالسيد عزمى
245 1 0 _aكتاب البهجة العباسية فى تاريخ مصر والأمة العربية /
_cالسيد عزمى
300 _a72
490 _aكتاب
_v0
650 0 4 _aدولة المماليك
650 0 4 _aالدولة العباسية
650 0 4 _aالدولة الاموية
650 0 4 _aالدولة العربية
650 0 4 _aالدولة الايوبية
650 0 4 _aالخلفاء الراشدون
650 0 4 _aالامبراطورية العثمانية - مصر
942 _2ddc
_cBK
999 _c42417
_d42417